000 00759nam a22002297a 4500
005 20251108171949.0
008 250721s1990 xx 000 0 ara d
082 1 4 _a956.0639/أحم
100 1 _aعودات، أحمد
245 1 0 _aتاريخ المغول و المماليك من القرن السابع الهجري و حتى القرن الثالث عشر الهجري /
264 1 _aإربد :
_bدار الكندي،
_c1990.
300 _a177ص
490 0 _aمكتبة الدراسات الإجتماعية ،7
650 1 7 _aالعرب
650 1 7 _aتاريخ
650 1 7 _aالمماليك
650 1 7 _aالمغول
700 1 _aبيضون، جميل
700 1 _aالناطور، شحادة
942 _2ddc
_cBK
999 _c67066
_d67066